|
|
|
|
| LEADER |
00000nam a2200000I 4500 |
| 001 |
vtls012240904 |
| 003 |
SK-MaSNL |
| 005 |
20260301042619.0 |
| 008 |
231005s1538 sz a f 001 0 lat |
| 015 |
|
|
|a SNBHFA
|
| 040 |
|
|
|a SNKHF
|b slo
|c SNKHF
|e rda
|
| 041 |
0 |
|
|a lat
|
| 044 |
|
|
|a sz
|c CH
|
| 072 |
|
7 |
|a 2-23/-27
|x Biblia. Biblistika
|2 konspekt
|
| 080 |
|
|
|a 2-254-273
|2 2011
|
| 100 |
0 |
|
|a Ambrosius Milánsky,
|c svätý,
|d asi 340-397
|4 aut
|9 214853
|
| 240 |
0 |
|
|a Omnia Qvotqvot Extant Divi Ambrosii Episcopi Mediolanensis
|
| 245 |
1 |
0 |
|a Opervm
|b Qvintvs Tomvs Divi Ambrosii Episcopi Mediolanensis Opervm Complectens Scholiorum seu Commentariorum in Euangelium Lucae libros X. tum Commentarios in omnes Pauli epistolas, excepta ad Hebraeos
|
| 264 |
|
3 |
|a Basileae
|b [In Officina Frobeniana]
|c Anno MDXXXVIII (1538)
|
| 300 |
|
|
|a 414 strán, 40 nečíslovaných strán
|c 34,5 cm
|
| 336 |
|
|
|a text
|b txt
|2 rdacontent
|
| 337 |
|
|
|a bez média
|b n
|2 rdamedia
|
| 338 |
|
|
|a zväzok
|b nc
|2 rdacarrier
|
| 500 |
|
|
|a Signety tlačiara, iniciálky s ornamentálnym a figurálnym pozadím v rámčeku na 6, 7, 8, 9, 10, 11 riadkov, kustody
|
| 501 |
|
|
|a Príväzok 1. k: AMBROSIUS MILÁNSKY. Qvartvs Tomvs Divi Ambrosii Episcopi Mediolanensis Opervm ... Basileae : [In Officina Frobeniana], Anno MDXXXVIII (1538).
|5 SNK IB 72890
|
| 504 |
|
|
|a Tlačené marginálie, register
|
| 508 |
|
|
|a Predslov: Erazmus Rotterdamský
|
| 510 |
4 |
|
|a VD 16
|c A 2181
|
| 546 |
|
|
|a Latinský text
|b Antikva
|b Kurzíva
|
| 550 |
|
|
|a Údaj o tlačiarovi prevzatý z kolofónu
|
| 550 |
|
|
|a Názov súborného diela podľa VD 16
|
| 650 |
0 |
7 |
|a biblické komentáre
|2 SNKPH
|9 78282
|
| 700 |
0 |
|
|a Erazmus Rotterdamský,
|d narodený asi 1466-1536
|4 aui
|9 328022
|
| 700 |
0 |
|
|a Froben, Hieronym,
|c starší,
|d 1501-1563
|4 prt
|9 180599
|
| 710 |
2 |
|
|a Frobeniana Officina (Bazilej, Švajčiarsko)
|4 prt
|9 346146
|
| 752 |
|
|
|a Švajčiarsko
|d Bazilej
|
| 852 |
|
|
|a snk
|b Historické fondy
|p IB 72890/prív.1
|
| 958 |
|
|
|a ONDV
|
| 958 |
|
|
|a DA
|
| 999 |
|
|
|c 591421
|d 593351
|
| 952 |
|
|
|t Tlače 16. storočia
|a SNK
|b SNK
|c SNK_HF
|y PREZ
|7 0
|p 17A1486583
|o snkIB 72890/prív.1
|i snk2014/22948
|8 3
|0 0
|1 0
|4 0
|d 2023-10-05
|l 0
|r 2026-02-23 15:24:51
|w 2026-02-23
|